000 00568nam a22002057a 4500
005 20221124144509.0
008 221124b ||||| |||| 00| 0 eng d
040 _cAL
041 _aEnglish
082 _223
_a282.954
_bDSOC
100 _aDonald H R Dsouza
_963625
245 _aCatholic India
260 _aNew Delhi
_bCatholic Bishops Conference of India
_c2002
300 _a26 p.
_bPB
_c21x14 cm.
440 _aOctober-December 2002
_963626
650 _aCatholic
_963627
650 _aIndia
_963628
700 _aDSOUZA (Donald H R)
_963629
942 _2ddc
_cGF
999 _c225308
_d225308